<?xml version="1.0" encoding="UTF-8"?>
<record
    xmlns:xsi="http://www.w3.org/2001/XMLSchema-instance"
    xsi:schemaLocation="http://www.loc.gov/MARC21/slim http://www.loc.gov/standards/marcxml/schema/MARC21slim.xsd"
    xmlns="http://www.loc.gov/MARC21/slim">

  <leader>01818nam a22003017a 4500</leader>
  <controlfield tag="003">NALT</controlfield>
  <controlfield tag="005">20250508150519.0</controlfield>
  <controlfield tag="008">220211b        th ||||| |||| 00| 0 tha d</controlfield>
  <datafield tag="020" ind1=" " ind2=" ">
    <subfield code="a">9789743283963</subfield>
  </datafield>
  <datafield tag="040" ind1=" " ind2=" ">
    <subfield code="a">NALT</subfield>
  </datafield>
  <datafield tag="041" ind1=" " ind2=" ">
    <subfield code="a">tha</subfield>
  </datafield>
  <datafield tag="050" ind1=" " ind2=" ">
    <subfield code="a">DG 430.2</subfield>
    <subfield code="b">&#xE18;312&#xE23; 2551</subfield>
  </datafield>
  <datafield tag="100" ind1="0" ind2=" ">
    <subfield code="a">&#xE18;&#xE23;&#xE13;&#xE4C; &#xE18;&#xE33;&#xE23;&#xE07;&#xE19;&#xE32;&#xE27;&#xE32;&#xE2A;&#xE27;&#xE31;&#xE2A;&#xE14;&#xE34;&#xE4C;.</subfield>
    <subfield code="9">26767</subfield>
  </datafield>
  <datafield tag="245" ind1="1" ind2="0">
    <subfield code="a">&#xE42;&#xE23;&#xE21;&#xE31;&#xE19;&#xE23;&#xE31;&#xE0D;&#xE08;&#xE27;&#xE19; /</subfield>
    <subfield code="c">&#xE18;&#xE23;&#xE13;&#xE4C; &#xE18;&#xE33;&#xE23;&#xE07;&#xE19;&#xE32;&#xE27;&#xE32;&#xE2A;&#xE27;&#xE31;&#xE2A;&#xE14;&#xE34;&#xE4C;.</subfield>
  </datafield>
  <datafield tag="246" ind1="1" ind2="4">
    <subfield code="a">Rome &amp; Vatican &#xE42;&#xE23;&#xE21;&#xE31;&#xE19;&#xE23;&#xE31;&#xE0D;&#xE08;&#xE27;&#xE19;.</subfield>
  </datafield>
  <datafield tag="250" ind1=" " ind2=" ">
    <subfield code="a">&#xE1E;&#xE34;&#xE21;&#xE1E;&#xE4C;&#xE04;&#xE23;&#xE31;&#xE49;&#xE07;&#xE41;&#xE23;&#xE01;.</subfield>
  </datafield>
  <datafield tag="260" ind1=" " ind2=" ">
    <subfield code="a">&#xE01;&#xE23;&#xE38;&#xE07;&#xE40;&#xE17;&#xE1E;&#xE2F; :</subfield>
    <subfield code="b">&#xE1A;&#xE49;&#xE32;&#xE19;&#xE1E;&#xE23;&#xE30;&#xE2D;&#xE32;&#xE17;&#xE34;&#xE15;&#xE22;&#xE4C;,</subfield>
    <subfield code="c">2551.</subfield>
  </datafield>
  <datafield tag="300" ind1=" " ind2=" ">
    <subfield code="a">155 &#xE2B;&#xE19;&#xE49;&#xE32; :</subfield>
    <subfield code="b">&#xE20;&#xE32;&#xE1E;&#xE1B;&#xE23;&#xE30;&#xE01;&#xE2D;&#xE1A;, &#xE41;&#xE1C;&#xE19;&#xE17;&#xE35;&#xE48; ;</subfield>
    <subfield code="c">24 &#xE0B;&#xE21;.</subfield>
  </datafield>
  <datafield tag="505" ind1="0" ind2=" ">
    <subfield code="a">&#xE01;&#xE33;&#xE40;&#xE19;&#xE34;&#xE14;&#xE42;&#xE23;&#xE21;&#xE31;&#xE19; -- Colosseum &amp; Roman Forum -- Capitoline Museum -- Trajan's Forum -- Pantheon -- &#xE19;&#xE49;&#xE33;&#xE1E;&#xE38;&#xE41;&#xE2B;&#xE48;&#xE07;&#xE01;&#xE23;&#xE38;&#xE07;&#xE42;&#xE23;&#xE21; -- &#xE08;&#xE31;&#xE15;&#xE38;&#xE23;&#xE31;&#xE2A;&#xE41;&#xE2B;&#xE48;&#xE07;&#xE01;&#xE23;&#xE38;&#xE07;&#xE42;&#xE23;&#xE21; -- Galleria Borghese -- &#xE19;&#xE04;&#xE23;&#xE27;&#xE32;&#xE15;&#xE34;&#xE01;&#xE31;&#xE19; -- &#xE1E;&#xE34;&#xE1E;&#xE34;&#xE18;&#xE20;&#xE31;&#xE13;&#xE11;&#xE4C;&#xE27;&#xE32;&#xE15;&#xE34;&#xE01;&#xE31;&#xE19; -- Pinacoteca -- Transfiguration -- Raphael's Room -- Sistine Chapel.</subfield>
  </datafield>
  <datafield tag="651" ind1=" " ind2="4">
    <subfield code="9">6430</subfield>
    <subfield code="a">&#xE2D;&#xE34;&#xE15;&#xE32;&#xE25;&#xE35; </subfield>
    <subfield code="x">&#xE20;&#xE39;&#xE21;&#xE34;&#xE1B;&#xE23;&#xE30;&#xE40;&#xE17;&#xE28;&#xE41;&#xE25;&#xE30;&#xE01;&#xE32;&#xE23;&#xE17;&#xE48;&#xE2D;&#xE07;&#xE40;&#xE17;&#xE35;&#xE48;&#xE22;&#xE27;</subfield>
  </datafield>
  <datafield tag="651" ind1=" " ind2="4">
    <subfield code="9">12612</subfield>
    <subfield code="a">&#xE2D;&#xE34;&#xE15;&#xE32;&#xE25;&#xE35;</subfield>
    <subfield code="x">&#xE04;&#xE27;&#xE32;&#xE21;&#xE40;&#xE1B;&#xE47;&#xE19;&#xE2D;&#xE22;&#xE39;&#xE48;&#xE41;&#xE25;&#xE30;&#xE1B;&#xE23;&#xE30;&#xE40;&#xE1E;&#xE13;&#xE35;</subfield>
  </datafield>
  <datafield tag="651" ind1=" " ind2="4">
    <subfield code="a">&#xE2D;&#xE34;&#xE15;&#xE32;&#xE25;&#xE35;</subfield>
    <subfield code="x">&#xE42;&#xE1A;&#xE23;&#xE32;&#xE13;&#xE2A;&#xE16;&#xE32;&#xE19;</subfield>
    <subfield code="9">33347</subfield>
  </datafield>
  <datafield tag="651" ind1=" " ind2="4">
    <subfield code="9">56843</subfield>
    <subfield code="a">&#xE27;&#xE32;&#xE15;&#xE34;&#xE01;&#xE31;&#xE19; (&#xE2D;&#xE34;&#xE15;&#xE32;&#xE25;&#xE35;)</subfield>
    <subfield code="x">&#xE20;&#xE39;&#xE21;&#xE34;&#xE1B;&#xE23;&#xE30;&#xE40;&#xE17;&#xE28;&#xE41;&#xE25;&#xE30;&#xE01;&#xE32;&#xE23;&#xE17;&#xE48;&#xE2D;&#xE07;&#xE40;&#xE17;&#xE35;&#xE48;&#xE22;&#xE27;</subfield>
  </datafield>
  <datafield tag="850" ind1=" " ind2=" ">
    <subfield code="a">NALT</subfield>
  </datafield>
  <datafield tag="942" ind1=" " ind2=" ">
    <subfield code="2">lcc</subfield>
    <subfield code="c">GB</subfield>
  </datafield>
  <datafield tag="996" ind1=" " ind2=" ">
    <subfield code="a">kornsiririn.r</subfield>
    <subfield code="b">CATSTF	</subfield>
    <subfield code="c">2023-12-11</subfield>
  </datafield>
  <datafield tag="999" ind1=" " ind2=" ">
    <subfield code="c">99590</subfield>
    <subfield code="d">99590</subfield>
  </datafield>
  <datafield tag="998" ind1=" " ind2=" ">
    <subfield code="j">1020</subfield>
    <subfield code="k"> &#xE19;&#xE32;&#xE07;&#xE08;&#xE33;&#xE40;&#xE23;&#xE35;&#xE22;&#xE07;  &#xE23;&#xE30;&#xE27;&#xE31;&#xE07;&#xE2A;&#xE33;&#xE42;&#xE23;&#xE07;</subfield>
  </datafield>
  <datafield tag="952" ind1=" " ind2=" ">
    <subfield code="0">0</subfield>
    <subfield code="1">0</subfield>
    <subfield code="2">lcc</subfield>
    <subfield code="4">0</subfield>
    <subfield code="7">0</subfield>
    <subfield code="8">CSEN</subfield>
    <subfield code="a">NALT</subfield>
    <subfield code="b">NALT</subfield>
    <subfield code="c">GEN</subfield>
    <subfield code="d">2022-02-11</subfield>
    <subfield code="o">DG 430.2 &#xE18;312&#xE23; 2551</subfield>
    <subfield code="p">0100002607001</subfield>
    <subfield code="r">2024-03-29 00:00:00</subfield>
    <subfield code="w">2022-02-11</subfield>
    <subfield code="y">GB</subfield>
  </datafield>
</record>
